000 00436nam a2200181Ia 4500
005 20250603145842.0
008 250603s9999 xx 000 0 und d
020 _a9781032306728
050 _aPN 1998.3 .D364 .M39/
100 _aMayward, Joel
245 4 _aThe Dardenne Brothers' cinematic parables
260 _aLondon
260 _bRoutledge
260 _c2024
300 _axi, 246p. ill.
650 _aLondon
942 _cBK
999 _c43048
_d43048